| 000 | 00485 a2200169 4500 | ||
|---|---|---|---|
| 003 | OSt | ||
| 005 | 20231229124340.0 | ||
| 008 | 231229b |||||||| |||| 00| 0 eng d | ||
| 020 | _a9788181435880 | ||
| 040 | _coclc | ||
| 082 |
_a891.433 _bJOS/K |
||
| 100 |
_aJoshi, Manohar Syam _910169 |
||
| 245 |
_aKAUN HUM MAIN / _cManohar Syam Joshi |
||
| 260 |
_aNew Delhi: _bVani Prakashan, _c2017. |
||
| 300 | _a463p | ||
| 942 |
_2ddc _cBK _h891.433 _iJOS/K _k891.433 _mJOS/K |
||
| 999 |
_c43627 _d43627 |
||